000 002550000a22000970004500
100 1 _aMilován, Guillermo
245 1 0 _aVida en abundacia ¿Qué es?
300 _aVol. 56, Núm 252 (2001), Páginas 8-10
773 0 _tLa Biblia de las Américas
942 _cANA
999 _c51610
_d51610